[Event "3rd Chennai Open"]
[Site "Chennai IND"]
[Date "2011.01.18"]
[Round "1"]
[White "Kuzubov,Y"]
[Black "Vishnu,P"]
[Result "1/2-1/2"]
[WhiteElo "2624"]
[BlackElo "2369"]

1.Nf3 d5 2.g3 Nf6 3.Bg2 c6 4.O-O Bf5 5.b3 h6 6.Bb2 e6 7.d3 Be7 8.Nbd2 O-O
9.Re1 Bh7 10.e4 a5 11.a3 Nbd7 12.Qe2 Qb6 13.e5 Ne8 14.h4 c5 15.a4 Nc7 16.Nf1 Qa6
17.g4 c4 18.dxc4 dxc4 19.bxc4 Rac8 20.g5 h5 21.Nd4 Na8 22.Nb5 Nab6 23.Ne3 Bg6
24.Red1 Nc5 25.Nc3 Ncd7 26.Nb5 Nc5 27.Nd6 Rc7 28.f4 Nbxa4 29.Bd4 Rd7 30.f5 exf5
31.Nexf5 Bd8 32.Qf1 Bxf5 33.Qxf5 g6 34.Qf1 Be7 35.Bd5 Bxd6 36.exd6 Qxd6 37.Qf2 b5
38.Bf6 Qb6 39.cxb5 Qxb5 40.c4 Qb3 41.Rab1 Qh3 42.Rd4 Nd3 43.Qf3 Qxf3 44.Bxf3 Rxd4
45.Bxd4 Nab2 46.Rxb2 Nxb2 47.Bxb2 Rb8 48.Be5 Rb1+ 49.Kf2 a4 50.Bd6 Rc1 51.c5 a3
52.Bd5 Rd1 53.Bc4 Rc1 54.Bb3 Rb1 55.Bd5 Rd1 56.Bc4 Rc1 57.Bb3 Rb1 58.Bd5 Rd1
59.Bc4 Rc1  1/2-1/2

[Event "3rd Chennai Open"]
[Site "Chennai IND"]
[Date "2011.01.19"]
[Round "3"]
[White "Suresh,KT"]
[Black "Sumit,G"]
[Result "1/2-1/2"]
[WhiteElo "2204"]
[BlackElo "2044"]

1.Nf3 d5 2.g3 Nf6 3.Bg2 Bg4 4.O-O Nbd7 5.d4 e6 6.Nbd2 Be7 7.Re1 O-O 8.e4 dxe4
9.Nxe4 Nxe4 10.Rxe4 Nf6 11.Re1 c5 12.dxc5 Qxd1 13.Rxd1 Bxc5 14.h3 Bf5 15.Nd4 Rfd8
16.Be3 Be4 17.Bxe4 Nxe4 18.Kg2 Rd7 19.Kf3 Nf6 20.Nb3 Rxd1 21.Rxd1 Bxe3 22.Kxe3 Nd5+
23.Ke2 Rc8 24.c3 Kf8 25.Rd4 b5  1/2-1/2

[Event "3rd Chennai Open"]
[Site "Chennai IND"]
[Date "2011.01.20"]
[Round "4"]
[White "Shreyansh,D"]
[Black "Kuzubov,Y"]
[Result "0-1"]
[WhiteElo "2251"]
[BlackElo "2624"]

1.Nf3 d5 2.g3 Nf6 3.Bg2 c6 4.O-O Bg4 5.d3 Nbd7 6.h3 Bh5 7.Nbd2 e5 8.e4 Bd6
9.Qe1 O-O 10.b3 a5 11.a3 Re8 12.Bb2 Qc7 13.Kh1 dxe4 14.dxe4 b5 15.Nh4 Nc5
16.Nf5 Bf8 17.f4 Nfd7 18.Ne3 f6 19.f5 Bf7 20.Rf2 Rad8 21.Qe2 Nb6 22.g4 Rd6
23.Rg1 Red8 24.Ndf1 Rd4 25.Ng3 a4 26.b4 Nc4 27.Nxc4 Bxc4 28.Qe3 Nd3 29.Bxd4 exd4
30.Qf3 Nxf2+ 31.Qxf2 c5 32.g5 fxg5  0-1

[Event "GMA"]
[Site "Marianske Lazne CZE"]
[Date "2011.01.20"]
[Round "7"]
[White "Ivanov,MM"]
[Black "Carlstedt,J"]
[Result "1/2-1/2"]
[WhiteElo "2431"]
[BlackElo "2409"]

1.Nf3 d5 2.g3 e6 3.Bg2 c5 4.O-O Nf6 5.d4 Be7 6.c4 O-O 7.cxd5 exd5 8.Nc3 Nc6
9.Bg5 cxd4 10.Nxd4 h6  1/2-1/2

[Event "Marienbad Open"]
[Site "Marianske Lazne CZE"]
[Date "2011.01.20"]
[Round "7"]
[White "Vorobyov,Y"]
[Black "Dreke,F"]
[Result "1-0"]
[WhiteElo "2203"]
[BlackElo "2032"]

1.Nf3 d5 2.g3 g6 3.Bg2 Bg7 4.O-O Nf6 5.d3 O-O 6.Nbd2 c5 7.e4 Nc6 8.Re1 Bg4
9.h3 Bxf3 10.Qxf3 Rc8 11.Qd1 b5 12.e5 Nd7 13.f4 e6 14.c4 Nb4 15.Bf1 a6 16.a3 Nc6
17.cxd5 exd5 18.Bg2 Nd4 19.Nf3 Nf5 20.Kh2 Re8 21.d4 Nf8 22.dxc5 Rxc5 23.g4 Nh4
24.Be3 Nxg2 25.Kxg2 Rc4 26.b3 Rc3 27.Rc1 Rxc1 28.Qxc1 Qc8 29.Qd2 Ne6 30.Rc1 Qb7
31.Kg3 Bf8 32.b4 Rd8 33.f5 gxf5 34.gxf5 Ng7 35.Nd4 Rc8 36.Kh2 Rxc1 37.Qxc1 Qd7
38.Qg1 Kh8 39.Qg4 Qc8 40.Bg5 Ne8 41.e6 Bg7 42.Be3 Be5+ 43.Kg2 Nf6 44.Qg5 Ne4
45.Qe7 fxe6 46.fxe6 Bf6 47.Qd7 Qb8 48.Nf5 Qg8+ 49.Kf3 Qxe6 50.Qxe6  1-0

[Event "ch-BLR w"]
[Site "Minsk BLR"]
[Date "2011.01.20"]
[Round "5.4"]
[White "Eidelson,R"]
[Black "Morgaenko,E BLR"]
[Result "1-0"]
[WhiteElo "2245"]
[BlackElo "1828"]

1.Nf3 d5 2.g3 c5 3.Bg2 Nc6 4.d4 cxd4 5.Nxd4 e5 6.Nxc6 bxc6 7.O-O Bc5 8.c4 Ne7
9.Nc3 Be6 10.cxd5 cxd5 11.b4 Bd4 12.Bb2 O-O 13.e3 Bxc3 14.Bxc3 f6 15.a4 Rc8
16.Qd2 Qd7 17.b5 Rc4 18.Bb4 Rd8 19.Rfc1 d4 20.Rxc4 Bxc4 21.exd4 Nf5 22.Rc1 Bb3
23.d5 Bxa4 24.d6 Nd4 25.h3 Qxb5 26.Rc7 a5 27.Bc5 Bb3 28.Bxd4 Rxd6 29.Qe3 Rxd4
30.Rb7 Qc4 31.Qxb3 Qxb3 32.Rxb3 Rb4 33.Rxb4 axb4 34.Kf1 Kf7 35.Ke2 Ke6 36.Kd3 b3
37.Kc3 b2 38.Kxb2 g5 39.Kc3 f5 40.g4 h6 41.Kd3 Kf6 42.gxf5 Kxf5 43.Bf3 Kf4
44.Bh5 e4+ 45.Ke2 e3 46.fxe3+  1-0

[Event "73rd Tata Steel GMB"]
[Site "Wijk aan Zee NED"]
[Date "2011.01.20"]
[Round "5"]
[White "McShane,L"]
[Black "Fressinet,L"]
[Result "1/2-1/2"]
[WhiteElo "2664"]
[BlackElo "2707"]

1.Nf3 d5 2.g3 c6 3.Bg2 Bg4 4.c4 e6 5.cxd5 Bxf3 6.Bxf3 cxd5 7.O-O Nf6 8.d3 Nc6
9.Nc3 Be7 10.Bg2 O-O 11.Bd2 Rc8 12.a3 a6 13.b4 Nd7 14.Qb3 Nd4 15.Qa2 Bf6
16.Rac1 Ne5 17.Kh1 h5 18.f4 Ng4 19.e4 dxe4 20.Nxe4 Rxc1 21.Bxc1 Be7 22.h3 Nf6
23.Nxf6+ Bxf6 24.g4 Qd7 25.Be3 hxg4 26.hxg4 Rc8 27.Rc1 Rxc1+ 28.Bxc1 Qa4
29.Qd2 Qb3 30.g5 Bd8 31.Bb2 Nf5 32.Bf3 Bb6 33.Qc3 Qa2 34.Be4 Qb1+ 35.Qc1 Ng3+
36.Kg2 Qxc1 37.Bxc1 Nxe4  1/2-1/2

[Event "TCh-AUT 2010-11"]
[Site "Graz AUT"]
[Date "2011.01.21"]
[Round "5.5"]
[White "Rumpl,E"]
[Black "Atlas,D"]
[Result "1/2-1/2"]
[WhiteElo "2311"]
[BlackElo "2344"]

1.Nf3 d5 2.g3 Nf6 3.Bg2 e6 4.O-O c5 5.c4 Nc6 6.b3 Be7 7.Bb2 O-O 8.e3 b6 9.Nc3 Ba6
10.d3 Qd7 11.Qe2 Rad8 12.Rad1 Qc8 13.e4 dxe4 14.dxe4 Rxd1 15.Rxd1 Rd8 16.e5 Ne8
17.Ne4 Bb7 18.h4 Nb4 19.Nc3 Qa8 20.h5 h6 21.Ne1 Bxg2 22.Nxg2 Nc6 23.Rxd8 Qxd8
24.Ne1 Nb4 25.a3 Nc6 26.Ne4 a6 27.Bc3 Nc7 28.Qd3 Qxd3 29.Nxd3 Ne8 30.g4 f6
31.f4 Kf7 32.Kg2 f5 33.gxf5 exf5 34.Ng3 g6 35.hxg6+ Kxg6 36.Nf1 Nd4 37.Bxd4 cxd4
38.b4 Nc7 39.Nd2 Ne6 40.Nb3 h5 41.a4 Bd8 42.Kg3 Kf7 43.Nd2 Be7 44.Nf3 a5
45.bxa5 bxa5 46.Kh3 Kg7 47.Kg3 Kf7 48.Kh3 Kg7 49.Kg2 Kf7 50.Kf1 h4 51.Nd2 Bf8
52.Nf3 Bh6 53.Nxh4 Nxf4 54.Nc5 d3 55.Ke1 Bf8 56.Nb3 Bb4+ 57.Kd1 Ke6 58.Nf3 Ne2
59.Nc1 Nc3+ 60.Kd2 Ne2+ 61.Kd1 Nc3+ 62.Kd2 Na2+ 63.Kd1 Nc3+  1/2-1/2

[Event "TCh-AUT 2010-11"]
[Site "Graz AUT"]
[Date "2011.01.21"]
[Round "5.1"]
[White "Ruck,R1"]
[Black "Ragger,M"]
[Result "1/2-1/2"]
[WhiteElo "2558"]
[BlackElo "2615"]

1.Nf3 d5 2.g3 c6 3.Bg2 Nf6 4.O-O Bg4 5.c4 e6 6.Qb3 Qb6 7.Qc2 Nbd7 8.d3 dxc4
9.Qxc4 Bxf3 10.Bxf3 Ne5 11.Qf4 Nxf3+ 12.Qxf3 Be7 13.Nd2 O-O 14.Nc4 Qb5 15.Bd2 Rfd8
16.b4 Qd5 17.Qxd5 cxd5 18.Na5 Rd7 19.Rfc1 Bd8 20.Nb3 Rc7 21.Bf4 Rxc1+ 22.Rxc1 Ne8
23.Nc5 g5 24.Be3 Nd6 25.Nb3 Kf8 26.Kg2 Ke8 27.Kf3 b6 28.h3 Kd7 29.g4 f6 30.a4 e5
31.Bd2 Be7  1/2-1/2

[Event "TCh-NOR Attack-serien 2010-11"]
[Site "Oslo NOR"]
[Date "2011.01.21"]
[Round "4"]
[White "Stokke,K"]
[Black "Byklum,B"]
[Result "1/2-1/2"]
[WhiteElo "2413"]
[BlackElo "2263"]

1.Nf3 d5 2.g3 Nf6 3.Bg2 c5 4.O-O Nc6 5.d4 e6 6.c4 Be7 7.dxc5 Bxc5 8.a3 dxc4
9.Qxd8+ Kxd8 10.Nbd2 c3 11.bxc3 Ke7 12.Ng5 Rd8 13.Nge4 Bb6 14.a4 Kf8 15.Ba3+ Kg8
16.Nxf6+ gxf6 17.Nc4 Kg7 18.Rfd1 Bd7 19.a5 Bc7 20.a6 Bc8 21.Rxd8 Nxd8 22.Nd6 Bd7
23.Nxb7 Bb6 24.Nc5 Bc6 25.Nd7 Bxg2 26.Nxb6 axb6 27.Kxg2 Nc6 28.c4 Na5 29.c5 bxc5
30.Bb2 Nc6 31.Ra4 h5 32.Ba3 c4 33.Bb2 e5 34.f4 Ra7 35.Kf3 Kg6 36.Ke4 exf4
37.gxf4 f5+ 38.Kf3 f6 39.e3 Kf7 40.Ba3 Nb8 41.Rb4 Rxa6 42.Bb2 Nc6 43.Rxc4 Ke6
44.Bd4 Kf7 45.Bc3 Ke6 46.Rc5 Ne7 47.Bd4 Nc6 48.Bc3 Ne7 49.h4 Rc6 50.Rxc6+ Nxc6
51.Ke2 Ne7 52.Bb4 Ng6  1/2-1/2

[Event "Belgrade Individual 2011"]
[Site "Belgrade SRB"]
[Date "2011.01.22"]
[Round "1.17"]
[White "Chelushkina,I"]
[Black "Djurdjevic,P2"]
[Result "1-0"]
[WhiteElo "2317"]
[BlackElo "1954"]

1.g3 d5 2.Nf3 g6 3.Bg2 Bg7 4.O-O e5 5.d3 Ne7 6.e4 d4 7.c3 c5 8.b4 Nd7 9.bxc5 Nxc5
10.cxd4 exd4 11.Ba3 Qa5 12.Nfd2 Be6 13.Nb3 Nxb3 14.axb3 Qd8 15.Nd2 b5 16.f4 Rc8
17.f5 gxf5 18.Bxe7 Qxe7 19.exf5 Bd7 20.f6 Bxf6 21.Qf3 Rc6 22.Rae1 Kf8 23.Ne4 Kg7
24.Qh5 Rf8 25.Qd5 Re6  1-0

[Event "3rd Chennai Open"]
[Site "Chennai IND"]
[Date "2011.01.22"]
[Round "7"]
[White "Kuzubov,Y"]
[Black "Nabaty,T"]
[Result "1/2-1/2"]
[WhiteElo "2624"]
[BlackElo "2565"]

1.Nf3 d5 2.g3 c5 3.Bg2 g6 4.c4 d4 5.O-O Bg7 6.d3 Nc6 7.a3 a5 8.e3 Nf6 9.exd4 cxd4
10.Nbd2 O-O 11.Qc2 h6 12.Re1 Re8 13.c5 a4 14.Rb1 e5 15.Nc4 e4 16.dxe4 Nxe4
17.Nb6 Bf5 18.g4 d3 19.Qd1 Bxg4 20.Nxa8 Nd4 21.Nc7 Ne2+ 22.Kf1 Bxf3 23.Bxf3 Qh4
24.Rxe2 dxe2+ 25.Qxe2 Re5 26.Nd5 Nc3 27.bxc3 Rxe2 28.Kxe2 Qc4+ 29.Kd2 Qa2+
30.Rb2 Qxa3 31.Kc2 Qxc5 32.Be3 Qc4 33.Rxb7 a3 34.Kb1 Be5 35.h3 Kg7 36.Rb6 h5
37.h4 Kg8 38.Rb7 Kg7 39.Rb6 Kg8 40.Ne7+ Kg7 41.Nd5 Qxd5  1/2-1/2

[Event "B2 Masters"]
[Site "Marianske Lazne CZE"]
[Date "2011.01.22"]
[Round "9"]
[White "Plischki,S"]
[Black "Oparin,G"]
[Result "1/2-1/2"]
[WhiteElo "2347"]
[BlackElo "2328"]

1.Nf3 d5 2.g3 Nf6 3.Bg2 c6 4.O-O Bg4 5.d4 e6 6.Nbd2 Nbd7 7.Re1 Be7 8.e4 dxe4
9.Nxe4 Nxe4 10.Rxe4 Bf5 11.Re1 O-O 12.c3 Qb6 13.Qb3 a5 14.Ne5 Qxb3 15.axb3 Nxe5
16.Rxe5 Bd8 17.Re2 Bd3 18.Re3 Bc2 19.b4 a4 20.Re2 Bd3 21.Re3 Bc2 22.Re2 Bd3
23.Re3 Bc2  1/2-1/2

[Event "Belgrade Individual 2011"]
[Site "Belgrade SRB"]
[Date "2011.01.23"]
[Round "2.2"]
[White "Sorgic,D"]
[Black "Todorovic,GM"]
[Result "1-0"]
[WhiteElo "2265"]
[BlackElo "2471"]

1.Nf3 d5 2.g3 c5 3.Bg2 Nc6 4.d3 e5 5.O-O f6 6.c4 d4 7.e3 Bg4 8.h3 Be6 9.exd4 cxd4
10.Qb3 Qd7 11.Na3 Bd6 12.Nb5 Be7 13.Re1 Rb8 14.Qd1 a6 15.Na3 Bxh3 16.Nc2 Bxg2
17.Kxg2 b5 18.b3 Kf7 19.Bd2 h5 20.Qe2 bxc4 21.bxc4 Bc5 22.Rab1 Nge7 23.Nh4 g5
24.Rxb8 Nxb8 25.Nf3 Qb7 26.Bxg5 Ng6 27.Kh2 Nd7 28.Bh4 Rg8 29.a3 a5 30.Rg1 Ndf8
31.Nd2 Qd7 32.Bxf6 Ne6 33.Ne4 Bf8 34.Qf3 Ke8 35.Rb1 Qc7 36.Rb7 Qc6 37.Bh4 Qxb7
38.Nf6+  1-0

[Event "3rd Chennai Open"]
[Site "Chennai IND"]
[Date "2011.01.23"]
[Round "8"]
[White "Shreyansh,D"]
[Black "Rahman,Zia"]
[Result "0-1"]
[WhiteElo "2251"]
[BlackElo "2528"]

1.Nf3 d5 2.g3 c6 3.Bg2 Nf6 4.O-O Bf5 5.b3 e6 6.Bb2 Be7 7.d3 h6 8.Nbd2 O-O
9.Ne5 Bh7 10.e4 a5 11.a3 Nbd7 12.Nxd7 Qxd7 13.e5 Ne8 14.f4 c5 15.a4 Nc7 16.Qf3 Na6
17.g4 Nb4 18.Rac1 f5 19.exf6 Bxf6 20.Bxf6 Rxf6 21.Qe3 Qd6 22.g5 hxg5 23.fxg5 Rxf1+
24.Nxf1 Rf8 25.Ng3 b6 26.Qe2 Nc6 27.Rf1 Rxf1+ 28.Nxf1 Bg6 29.h4 Nd4 30.Qf2 Qe5
31.Ng3 Nxc2 32.Ne2 Nd4 33.Nf4 Qxf4  0-1

[Event "TCh-AUT 2010-11"]
[Site "Graz AUT"]
[Date "2011.01.23"]
[Round "7.3"]
[White "Moser,E"]
[Black "Rogic,D"]
[Result "1/2-1/2"]
[WhiteElo "2413"]
[BlackElo "2595"]

1.Nf3 d5 2.g3 g6 3.Bg2 Bg7 4.c4 d4 5.d3 e5 6.O-O Ne7 7.e3 O-O 8.exd4 exd4
9.b4 c5 10.bxc5 Na6 11.Ba3 Nc6 12.Nbd2 Bf5 13.Nb3 Nab4 14.Ne1 Qc7 15.Bc1 Rad8
16.a3 Na6 17.Nf3 Rfe8 18.Bg5 Rd7 19.Qd2 Nd8 20.Rfe1 Rxe1+ 21.Rxe1 Ne6 22.c6 bxc6
23.Bh6 Bxh6 24.Qxh6 Re7 25.Qd2 Qd6 26.h3 Qxa3 27.g4 Bxg4 28.hxg4 Qxb3 29.Nxd4 Qb6
30.Nxc6 Rd7 31.Qc3 Nac7 32.Qf6 Ne8 33.Qa1 Rxd3 34.Ne7+ Kf8 35.Nc6 Kg8 36.Ne7+ Kf8
37.Nc6 Kg8 38.Ne7+  1/2-1/2

[Event "TCh-BEL 2010-11"]
[Site "Liege BEL"]
[Date "2011.01.23"]
[Round "7.2"]
[White "Sielecki,C"]
[Black "De Gueldre,P"]
[Result "1-0"]
[WhiteElo "2397"]
[BlackElo "2122"]

1.Nf3 d5 2.g3 Nf6 3.Bg2 c6 4.c4 e6 5.O-O Be7 6.b3 O-O 7.Bb2 b6 8.d3 Bb7 9.Nbd2 c5
10.cxd5 Nxd5 11.d4 cxd4 12.Nxd4 Nc6 13.Nxc6 Bxc6 14.Rc1 Rc8 15.Nc4 Nb4 16.a3 Bxg2
17.Kxg2 Nc6 18.e4 b5 19.Qg4 Bf6 20.Rfd1 Bxb2 21.Rxd8 Nxd8 22.Rc2 bxc4 23.Rxb2 c3
24.Rc2 Nc6 25.Qd1 Rfd8 26.Qc1 Nd4 27.Rxc3 Rb8 28.Qb2 e5 29.b4 a5 30.Rc5 axb4
31.axb4 f6 32.Qa2+ Kh8 33.Qc4 h6 34.h4 Rb6 35.Rc7 Rdb8 36.Qf7 Rg8 37.Rb7 Rxb7
38.Qxb7 Kh7 39.b5 Re8 40.b6 Re6 41.Qc7  1-0

[Event "TCh-NOR Attack-serien 2010-11"]
[Site "Oslo NOR"]
[Date "2011.01.23"]
[Round "6"]
[White "Astrup,K"]
[Black "Bjerke,S"]
[Result "1-0"]
[WhiteElo "2274"]
[BlackElo "2186"]

1.Nf3 d5 2.g3 Nf6 3.c4 c6 4.Bg2 dxc4 5.O-O Be6 6.a4 g6 7.Na3 Bd5 8.Qc2 Bg7
9.Nxc4 Na6 10.a5 O-O 11.d3 Nb4 12.Qa4 c5 13.Be3 Qc8 14.Rfc1 Ng4 15.Bh3 Nxd3
16.exd3 Bxf3 17.Nd2 Bc6 18.Qxg4 Qxg4 19.Bxg4 Bxb2 20.Bxc5 Rfd8 21.Be2 Bxa1
22.Rxa1 Rd5 23.Be3 a6 24.Bb6 Re5 25.Bf1 Rb5 26.Re1 Kf8 27.Nc4 f6 28.d4 Rc8
29.Ne3 Rb2 30.Bh3 Re8 31.d5 Bb5 32.Be6 Rd2 33.Rc1 Be2 34.Kg2 Bd3 35.g4 Be4+
36.Kg3 h5 37.gxh5 gxh5 38.f3 Bd3 39.Rc7 h4+ 40.Kxh4 Rxh2+ 41.Kg3 Re2 42.Bc5 f5
43.d6 Kg7 44.d7 Rf8 45.Bd4+ Kg6 46.Kf4 Rh2 47.Nd5 Rh4+ 48.Ke3 Bb5 49.Nxe7+ Kg5
50.Nd5 Rh2 51.d8=Q+ Rxd8 52.Rg7+ Kh5 53.Bf7+  1-0

[Event "73rd Tata Steel GMB"]
[Site "Wijk aan Zee NED"]
[Date "2011.01.23"]
[Round "8"]
[White "McShane,L"]
[Black "Sargissian,G"]
[Result "1/2-1/2"]
[WhiteElo "2664"]
[BlackElo "2667"]

1.g3 d5 2.Nf3 Nf6 3.Bg2 c6 4.O-O Bf5 5.c4 e6 6.cxd5 cxd5 7.Qb3 Qc8 8.d3 Nc6
9.Bf4 Be7 10.Nc3 O-O 11.Rac1 Qd7 12.Ne5 Nxe5 13.Bxe5 Bg6 14.e4 Ng4 15.Bf4 dxe4
16.dxe4 e5 17.Nd5 Rfc8 18.Bd2 Bc5 19.h3 Nf6 20.Nxf6+ gxf6 21.Rcd1 Rc6 22.Bc3 Qc7
23.Rd2 Rd6 24.Rxd6 Bxd6 25.Rd1 Rd8 26.Rd2 Bc5 27.Qd1 Rxd2 28.Qxd2 Qc6 29.Qd1 Qe6
30.a3 f5 31.exf5 Qxf5 32.Qd2 b6 33.b4 Be7 34.Qd5 Bf6 35.Bd2 Qd3 36.Bh6 Qxd5
37.Bxd5 Be7 38.Bb3 Bf8 39.Bxf8  1/2-1/2

[Event "Belgrade Individual 2011"]
[Site "Belgrade SRB"]
[Date "2011.01.26"]
[Round "5.20"]
[White "Tasic,Z"]
[Black "Rajkovic,Da"]
[Result "0-1"]
[WhiteElo "2175"]
[BlackElo "2247"]

1.Nf3 d5 2.g3 Nf6 3.Bg2 Nc6 4.d4 Bf5 5.O-O e6 6.a3 Be7 7.b4 O-O 8.Bb2 a5
9.c3 axb4 10.cxb4 Nd7 11.Nbd2 Nb6 12.Rc1 Na7 13.Qb3 Nb5 14.Ne5 Na4 15.Ba1 f6
16.g4 fxe5 17.gxf5 Nb6 18.Bb2 exd4 19.fxe6 Na4 20.Rc5 Bxc5 21.bxc5 c6 22.Ba1 Nxc5
23.Qb4 Nxe6 24.a4 Nc3 25.Qxb7 Nxe2+ 26.Kh1 Qd6 27.Qb3 Rf6 28.Nf3 Raf8 29.Re1 Rh6
30.h3 N6f4  0-1

[Event "Gibraltar Masters"]
[Site "Caleta ENG"]
[Date "2011.01.26"]
[Round "2.73"]
[White "Henderikse,B"]
[Black "Oberhofer,A"]
[Result "0-1"]
[WhiteElo "2058"]
[BlackElo "2270"]

1.Nf3 d5 2.g3 g6 3.Bg2 Bg7 4.O-O e5 5.d3 Ne7 6.Nbd2 O-O 7.e4 Nbc6 8.exd5 Nxd5
9.Re1 Re8 10.Nc4 Nb6 11.Nxb6 axb6 12.Bg5 Qd6 13.Qd2 Qf8 14.c3 h6 15.Be3 f5
16.d4 e4 17.Ne5 Nxe5 18.dxe5 Ra5 19.f4 exf3 20.Bxf3 Raxe5 21.Bf4 Rxe1+ 22.Rxe1 Rxe1+
23.Qxe1 g5 24.Be3 Qe7 25.Qd2 Kh7 26.Qd3 c5 27.Kf2 Be5 28.Bd1 Qd6 29.Bc2 Qxd3
30.Bxd3 Kg7 31.b4 Bd6 32.a3 Kf6 33.h4 gxh4 34.gxh4 f4 35.Bd2 Bf5 36.Be2 Be4
37.Bg4 Ke5 38.Bh5 Be7 39.Ke2 Bxh4 40.Bg4 Bg5 41.Bh5 f3+ 42.Kd1 f2 43.Be2 Bf3  0-1

[Event "3rd Chennai Open"]
[Site "Chennai IND"]
[Date "2011.01.26"]
[Round "11"]
[White "Vijayalakshmi,S"]
[Black "Shreyansh,D"]
[Result "0-1"]
[WhiteElo "2454"]
[BlackElo "2251"]

1.Nf3 d5 2.g3 Nf6 3.Bg2 Nbd7 4.d4 e6 5.O-O Be7 6.b3 O-O 7.Bb2 b6 8.Nbd2 c5
9.a4 Bb7 10.a5 b5 11.Qb1 Ba6 12.dxc5 Nxc5 13.Nd4 Rc8 14.Rd1 Qc7 15.e3 b4
16.Rc1 Rfd8 17.c4 Qb8 18.Bf1 Nfe4 19.Nxe4 dxe4 20.Qc2 g6 21.Rd1 e5 22.Ne2 Rd3
23.Nc1 Rxd1 24.Qxd1 Rd8 25.Qc2 Qd6 26.Na2 Qd2 27.Qxd2 Rxd2 28.Bxe5 f6 29.Nxb4 fxe5
30.Nc6 Kf7 31.b4 Nd3 32.b5 Bb7 33.Nxa7 Bc5 34.a6 Ba8 35.Nc8 Rb2 36.Bg2 Ke8
37.b6 Bxb6 38.Nd6+ Ke7 39.Bxe4 Kxd6 40.Bxa8 Rc2 41.Be4 Rc1+ 42.Rxc1 Nxc1
43.h4 Ke6 44.Kg2 Nb3 45.Bd5+ Kf6 46.Kf3 Nc5 47.Bb7 h6 48.Ke2 g5 49.hxg5+ hxg5
50.Kf3 Kg6 51.Kg4 Kf6 52.e4 Nd3 53.f3 Nf2+ 54.Kh5 Nd1 55.Bd5 Ne3 56.Bg8 Nf1
57.Kg4 Nh2+ 58.Kh3 Nxf3 59.Bd5 Nd4 60.Kg4 Nc2 61.Kf3 Ne3 62.g4 Ke7 63.Bb7 Nxc4
64.Ke2 Kd6 65.Kd3 Kc5 66.Bc8 Nd6 67.Bd7 Kb4 68.Bc6 Ka5 69.Kc3 Bc5 70.Kb3 Kxa6
71.Kc3 Kb6 72.Bd5 Kb5 73.Kd3 Bd4 74.Be6 Kb4 75.Bd5 Nc8 76.Be6 Nb6 77.Bf5 Na4
78.Bg6 Nc5+ 79.Ke2 Kc3 80.Kf3 Kd2 81.Be8 Nd3 82.Bd7 Ne1+  0-1

[Event "ch-CRO"]
[Site "Marija Bistrica CRO"]
[Date "2011.01.26"]
[Round "10.1"]
[White "Zelcic,R"]
[Black "Stevic,H"]
[Result "1/2-1/2"]
[WhiteElo "2538"]
[BlackElo "2621"]

1.Nf3 d5 2.g3 Nf6 3.Bg2 c6 4.O-O g6 5.e3 Bg7 6.Qe2 Bg4 7.h3 Bxf3 8.Qxf3 Nbd7
9.d4 O-O 10.Nd2 e5  1/2-1/2

[Event "ch-CRO"]
[Site "Marija Bistrica CRO"]
[Date "2011.01.27"]
[Round "11.5"]
[White "Dizdar,G"]
[Black "Jovanic,O"]
[Result "0-1"]
[WhiteElo "2544"]
[BlackElo "2489"]

1.Nf3 d5 2.g3 Nf6 3.Bg2 Bf5 4.O-O e6 5.d3 c6 6.c4 Be7 7.Qb3 Qc8 8.cxd5 exd5
9.Nc3 Na6 10.Be3 O-O 11.Rac1 Re8 12.Rfe1 Bg4 13.Na4 Bxf3 14.Bxf3 Qd7 15.Bd4 h6
16.Bg2 Nh7 17.a3 Ng5 18.Nc5 Nxc5 19.Bxc5 Bxc5 20.Rxc5 Re7 21.e3 Qf5 22.f4 Ne6
23.Rcc1 Rae8 24.e4 dxe4 25.dxe4 Nc5 26.Qe3 Nxe4 27.Qxa7 Qb5 28.b4 Qd3 29.Bf1 Qd6
30.Rcd1 Qc7 31.Qd4 h5 32.Bg2 Nf6 33.Rxe7 Qxe7 34.Bf3 Qe3+ 35.Qxe3 Rxe3 36.Kf2 Rxa3
37.Rd8+ Kh7 38.Rb8 Ra7 39.h3 g6 40.g4 hxg4 41.hxg4 Kg7 42.g5 Nd7 43.Re8 Nf8
44.b5 Ne6 45.bxc6 bxc6 46.f5 gxf5 47.Bxc6 Nxg5 48.Kg3 Ra3+ 49.Kg2 f4 50.Re5 Kg6
51.Bd7 Kh5 52.Re8 Ra2+ 53.Kf1 Kh4 54.Re2 Rxe2 55.Kxe2 Kg3  0-1

[Event "Gibraltar Masters"]
[Site "Caleta ENG"]
[Date "2011.01.28"]
[Round "4.91"]
[White "Henderikse,B"]
[Black "Georgieva,E"]
[Result "0-1"]
[WhiteElo "2058"]
[BlackElo "1907"]

1.Nf3 d5 2.g3 c6 3.Bg2 Bf5 4.b3 Nd7 5.Bb2 Ngf6 6.d3 e6 7.Nbd2 Qc7 8.c4 Bd6
9.O-O h5 10.Re1 h4 11.e4 dxe4 12.dxe4 hxg3 13.hxg3 Bg4 14.Qc2 Ne5 15.c5 Nxf3+
16.Nxf3 Be7 17.b4 Bxf3 18.Bxf3 O-O-O 19.Rad1 Rxd1 20.Rxd1 Rd8 21.Rd2 Rxd2
22.Qxd2 Ne8 23.Be2 Bf6 24.Kg2 Bxb2 25.Qxb2 a6 26.f4 Nf6 27.Kf3 Qd8 28.Qc3 Qh8
29.Qe1 Qh7 30.Bd3 Qh5+ 31.Ke3 Ng4+ 32.Kd2 Qh2+ 33.Be2 Nf2 34.Kc1 Qxg3 35.Qd2 Nxe4
36.Qd3 Qxf4+ 37.Kc2 Nf2 38.Qh7  0-1

[Event "Gibraltar Masters"]
[Site "Caleta ENG"]
[Date "2011.01.28"]
[Round "4.26"]
[White "Wohl,A"]
[Black "Kanep,M"]
[Result "0-1"]
[WhiteElo "2409"]
[BlackElo "2531"]

1.Nf3 d5 2.g3 Nf6 3.Bg2 c5 4.O-O Nc6 5.d4 e6 6.c4 Be7 7.cxd5 exd5 8.Nc3 O-O
9.dxc5 Bxc5 10.Bg5 d4 11.Ne4 Be7 12.Bxf6 Bxf6 13.Nxf6+ Qxf6 14.b4 Rd8 15.Qd2 Bg4
16.Rac1 d3  0-1

[Event "Moscow Open Young GM"]
[Site "Moscow RUS"]
[Date "2011.01.28"]
[Round "2"]
[White "Kuzubov,Y"]
[Black "Chadaev,N"]
[Result "1-0"]
[WhiteElo "2624"]
[BlackElo "2568"]

1.Nf3 d5 2.g3 c6 3.Bg2 Bf5 4.b3 Nf6 5.O-O Nbd7 6.Bb2 e6 7.d3 h6 8.Nbd2 Bh7
9.e4 dxe4 10.dxe4 Be7 11.Qe2 O-O 12.Rfd1 Qc7 13.a3 Rfd8 14.e5 Ne8 15.Nc4 Nb6
16.Ne3 Rxd1+ 17.Rxd1 Rd8 18.c4 Nd7 19.b4 a5 20.Bc3 axb4 21.axb4 Nb6 22.c5 Rxd1+
23.Qxd1 Nd5 24.Nxd5 exd5 25.Nd4 Qc8 26.Qh5 Bg6 27.Bh3 Qa8 28.Qd1 Bf8 29.Qa1 Qb8
30.f4 Be4 31.Qa5 Nc7 32.Kf2 Bd3 33.Ke3 Bc4 34.Kd2 Nb5 35.Nxb5 Bxb5 36.Bd4 Be7
37.Bf5 Bc4 38.h4 Bd8 39.Qa4 Bb5 40.Qa2 g6 41.Bc2 b6 42.e6 fxe6 43.Bxg6 bxc5
44.Bh7+ Kf8 45.Bxc5+ Ke8 46.Qa1 Qb7 47.Bg6+ Kd7 48.Qg7+ Kc8 49.Qxb7+ Kxb7
50.Bf7 Bf6 51.Bxe6 d4 52.h5 Kc7 53.Bf5 Bc4 54.Bf8 Kb6 55.g4 Ba2 56.Kc2 Kb5
57.Bd3+ Ka4 58.Bxh6  1-0

[Event "16th HIT Open"]
[Site "Nova Gorica SLO"]
[Date "2011.01.29"]
[Round "2"]
[White "Solak,D"]
[Black "Kersic,M"]
[Result "1-0"]
[WhiteElo "2581"]
[BlackElo "2137"]

1.g3 d5 2.Nf3 Nf6 3.Bg2 c6 4.c4 e6 5.Qc2 b6 6.O-O Bd6 7.d4 Bb7 8.Nc3 Nbd7
9.e4 dxe4 10.Ng5 Be7 11.Rd1 O-O 12.Ngxe4 Nxe4 13.Nxe4 Nf6 14.Bf4 h6 15.Nxf6+ Bxf6
16.c5 Qd7 17.Be5 Rfd8 18.a4 Qe7 19.b4 Rac8 20.h4 Rd7 21.Bf3 a5 22.Bd6 Rxd6
23.cxd6 Qxd6 24.bxa5 Bxd4 25.Kg2 bxa5 26.Qd2 e5 27.Qxa5 Qf6 28.Ra2 Qe7 29.Kh2 c5
30.Bxb7 Qxb7 31.Qb5 Qxb5 32.axb5 Rb8 33.Rb1 c4 34.Ra4 Bxf2 35.Rxc4 Rb7 36.Kg2 Bd4
37.Rc8+ Kh7 38.Rc6 h5 39.b6 f6 40.Kf3 Kg6 41.Ke4 Rf7 42.Rc7  1-0

[Event "73rd Tata Steel GMC"]
[Site "Wijk aan Zee NED"]
[Date "2011.01.29"]
[Round "12"]
[White "Van der Werf,M"]
[Black "Sachdev,T"]
[Result "0-1"]
[WhiteElo "2439"]
[BlackElo "2391"]

1.Nf3 d5 2.g3 Nf6 3.Bg2 c6 4.c4 dxc4 5.O-O g6 6.Na3 b5 7.b3 cxb3 8.Bb2 Bg7
9.Nxb5 O-O 10.Nbd4 bxa2 11.Rxa2 Nd5 12.Qa1 a5 13.Rc1 Bd7 14.Ra3 Ra6 15.Ne1 Rb6
16.e4 Nc7 17.Bc3 a4 18.Nd3 Nba6 19.Ne2 Bxc3 20.Nxc3 c5 21.Nf4 Nb4 22.Nfd5 Ncxd5
23.exd5 Bf5 24.Rxa4 Nc2 25.Qa2 Nd4 26.Ra7 Rd6 27.Re1 Rd7 28.Ra6 Nc2 29.Ra1 Nxa1
30.Qxa1 Bd3 31.Ra5 Qc7 32.h4 Rb8 33.Qa3 c4 34.Bh3 Rdd8 35.Ra7 Rb7 36.Rxb7 Qxb7
37.Qc5 Ra8 38.Bg2 Ra1+ 39.Kh2 Qa7 40.Qb4 Qxf2 41.Qxe7 Re1 42.Qd8+ Kg7 43.h5 Bf1  0-1

[Event "71st ch-ARM"]
[Site "Yerevan ARM"]
[Date "2011.01.29"]
[Round "11"]
[White "Minasian,Art"]
[Black "Hovhannisyan,R"]
[Result "1/2-1/2"]
[WhiteElo "2563"]
[BlackElo "2530"]

1.Nf3 d5 2.g3 Nf6 3.Bg2 c6 4.O-O Bf5 5.b3 e6 6.Bb2 h6 7.d3 Be7 8.Nbd2 O-O
9.Ne5 Nbd7 10.Nxd7 Nxd7 11.e4  1/2-1/2

[Event "ch-AZE"]
[Site "Baku AZE"]
[Date "2011.01.30"]
[Round "10.3"]
[White "Durarbeyli,V"]
[Black "Guliev,L"]
[Result "1/2-1/2"]
[WhiteElo "2504"]
[BlackElo "2464"]

1.g3 d5 2.Nf3 Nf6 3.Bg2 c5 4.O-O Nc6 5.d4 cxd4 6.Nxd4 e6 7.c4 Be7 8.cxd5 exd5
9.Nxc6 bxc6 10.Qc2 Bd7 11.Be3 O-O 12.Nd2 Re8 13.Nb3 Bf8 14.Bc5 Bxc5 15.Nxc5 Bg4
16.e3 Nd7 17.h3 Bh5 18.Nxd7 Qxd7 19.Rac1 Re6 20.Qa4 Bg6 21.Rfd1 Qb7 22.b3 Qb6
23.Rc3 Rd8 24.Rdc1 Rdd6 25.Rc5 Bd3 26.R1c3 h6 27.Qa5 Bb5 28.Qb4 Rf6 29.Qd4 Rde6
30.Rc1 Be2 31.Qc3 Bc4 32.Qd4 Be2 33.R1c2 Bf3 34.Bxf3 Rxf3 35.Kg2 Rff6 36.Qc3 Rd6
37.b4 Rde6 38.a3 Qb7 39.Qd3 g6 40.Qd4 Qb6 41.Kg1 Kh7 42.Qc3 Rd6 43.h4 h5
44.Qd3 Qd8 45.Ra5 d4 46.Rxh5+ Kg7 47.Rhc5 dxe3 48.Qxe3 Rfe6 49.Re5 Rd3 50.Qe4 Rf6
51.Kg2 Rxa3 52.Rxc6 Rxf2+ 53.Kxf2 Ra2+ 54.Kg1 Qd1+ 55.Qe1 Qf3 56.Rxg6+ Kh7
57.Rh6+ Kxh6 58.Qc1+ Kh7 59.Qb1+ Kh6 60.Qc1+ Kh7 61.Qb1+ Kh6 62.Qxa2 Qxg3+
63.Kf1 Qxe5 64.Qxf7 Qb5+ 65.Kg2 Qxb4 66.Qf6+ Kh7 67.Qf7+ Kh6 68.Qe6+ Kh7
69.Qd7+ Kh6 70.Qc6+ Kh5 71.Qe8+ Kxh4 72.Qh8+ Kg5 73.Qg7+ Kf5 74.Qxa7  1/2-1/2